| 000 | 00662nam a2200205 a 4500 | ||
|---|---|---|---|
| 005 | 20240823063726.0 | ||
| 008 | 091125s2006 mx r 000 0 spa d | ||
| 020 | _a9685353913 | ||
| 035 | _aUPN01000173943 | ||
| 049 | _aCG | ||
| 050 | 4 |
_aQL751 _bT5.2 |
|
| 100 | 1 | _aTista Olmos, Ciriaco | |
| 245 | 1 | 4 |
_aLos animales y yo : _buna sencilla observación a las principales conductas de los animales relacionadas con el humano / _cCiriaco Tista Olmos. |
| 260 |
_aMéxico : _bEón, _c2006. |
||
| 300 |
_a175 p. : _bil. |
||
| 440 | 0 | _aSin límites | |
| 650 | 4 |
_aAnimales _xHábitos y comportamiento _91059 |
|
| 650 | 4 |
_aPsicología comparada _99042 |
|
| 905 | _aLibro | ||
| 999 |
_c146047 _d146047 |
||